| 000 | 00777nam a22002177a 4500 | ||
|---|---|---|---|
| 005 | 20170524140103.0 | ||
| 008 | 130724b2011 ck ||||| |||| 00| 0 spa d | ||
| 040 |
_aCO-BoIAVH _cCO-BoIAVH |
||
| 041 | _aspa | ||
| 044 | _ack | ||
| 082 | 0 | 4 |
_a333.956 _bA65a |
| 084 | _aLB-05750 | ||
| 100 |
_aArdila-Rodríguez, Carlos A. _9953 |
||
| 245 |
_aAstroblepus itae. Astroblepus acostai: _bDos nuevas especies del Río Cáchira y Ríos Sinú, Colombia |
||
| 260 |
_aBarranquilla (Colombia) _bUniversidad Metropolitana de Barranquilla _c2011 |
||
| 300 |
_a16 p. _bil., mapas. _c27 cm. |
||
| 650 |
_aAstroblepus itae sp. nov. _9954 |
||
| 650 |
_aAstroblepus acostai sp. nov. _9955 |
||
| 650 |
_aPequeños bagres de boca succionadora de los Andes _zColombia _981643 |
||
| 942 |
_2ddc _cLIBRO |
||
| 999 |
_c7451 _d7451 |
||